00520 2200205 4500001002100000005001500021008004100036020001800077035001900095041000700114082001000121090001600131100002000147245004400167250001000211260002900221300003400250650001100284990001900295INLIS00000000001489720241224114831241224||||||||| | ||| |||| || |  a979-561-760-5 0010-1224014897 aid0 a2x5.1 a2x5.1 SYA m0 ahusein syahatah00amenjadi kepala rumah tangga yang sukses acet.3 adepokbgema insanic2004 axvi + 148 hlm,; 12 cm x 18 cm 0aakhlak a05.17.01.03.05